000
00307nam a22001337a 4500
008
180129b xxu||||| |||| 00| 0 eng d
020
_a
9780060975272
041
_a
eng
080
_a
316
100
_a
50
101
_a
SOC
245
_a
Silencing the self women and depression
_c
Jack,D.C
942
_2
udc
_c
BK
999
_c
41194
_d
41194